A global political morality: human rights, democracy, and constitutionalism
Guardat en:
| Autor principal: | |
|---|---|
| Format: | Llibre |
| Idioma: | anglès |
| Publicat: |
Cambridge
Cambridge University Press
2017
|
| Matèries: | |
| Etiquetes: |
Afegir etiqueta
Sense etiquetes, Sigues el primer a etiquetar aquest registre!
|
MARC
| LEADER | 00000cam a2200000 a 4500 | ||
|---|---|---|---|
| 001 | UCC9009 | ||
| 003 | CL-VaPUC | ||
| 008 | 190904e20170000uk |||||||||||||||||eng|d | ||
| 020 | |a 9781316611005 | ||
| 082 | 0 | 4 | |a 172 |b PER |2 21 |
| 100 | 0 | |a Perry, Michael J |e author |9 603760 | |
| 245 | 1 | 2 | |a A global political morality: human rights, democracy, and constitutionalism |
| 300 | |a 197 p | ||
| 942 | |c BK | ||
| 945 | |d 20190904 15:40:00 |a cmena | ||
| 260 | |a Cambridge |b Cambridge University Press |c 2017 | ||
| 650 | 0 | |a Derechos civiles |9 255655 | |
| 650 | 0 | |a Derechos humanos |9 223025 | |
| 650 | 0 | |a Filosofía moral |9 310115 | |
| 650 | 0 | |a Aspectos éticos |9 310696 | |
| 583 | |a last modification |c 20190904 15:40:00 |k Rodrigo Vera | ||
| 999 | |c 375204 |d 375202 | ||
| 952 | |0 0 |1 0 |3 erb |4 0 |6 172_000000000000000_PER_2017 |7 0 |8 WP_COW |9 561149 |a BIBDER |b BIBDER |e Fundación W and P Cowley |i 5599083 |o 172 PER 2017 |p 5599083 |r 2023-01-25 |w 2020-03-12 |y BK |z Catalogado en:20190904 |k WPC | ||